00399nam a22001577a 450000500170000001000150001702000260003203500140005803700130007208200060008510000160009124500720010725000120017926000290019130000210022020230403142522.0 aENG-136585 a9789390380466c100.00 aEN-120117 bDBAD/PUB aS aFatma,Sadaf aWorld through the veil;unveiling the veil of mind /cby Sadaf Fatma a1st ed. aBluerose Publisherc2020 a57p.;c21cm(pbk)